000 00413nam a22001457a 4500
005 20240808170256.0
008 240808b |||||||| |||| 00| 0 eng d
041 _aeng
082 _bING
100 _aIngavale Aditi- 2K211042 & Dr. Sonali Parchure-Guide
_9208144
245 _aAnalytical Study on Anti Money Laundering in Banking sector
260 _a Pune
_bSPPU
_cMarch-2023
300 _a50p
942 _cPR
999 _c359380
_d359380